000
00291nam a2200109Ia 4500
008
171211s9999 xx 000 0 und d
020
_a
9789719804420
100
_a
Palmares,Aaron Jan S.
245
_a
Diagnostic Microbiology Workbook
260
_b
C & E Publishing
_c
2016
300
_a
81 pages
999
_c
350870
_d
350870